00370 a2200109 450000500170000002000180001708200120003511100600004724500430010726000720015030000380022220250710095200.0 a9789976780734 a510 NBA aThe National Board of Accountants and Auditors Tanzania aA1 Quantitative Techniques: Study Text aDar es salaambThe National Board of Accountants and Auditorsc2014 a316p.; ill.; tablesbIndexc28 cm